Вып. 2; Композиторы Российской Федерации

Detalles Bibliográficos
Parent link:Композиторы Российской Федерации: сборник статей/ Союз композиторов РСФСР ; под ред. В. И. Козенина. Вып. 2.— , 1981
Idioma:ruso
Publicado: 1982
Subjects:
Formato: Libro
KOHA link:https://koha.lib.tpu.ru/cgi-bin/koha/opac-detail.pl?biblionumber=300110

MARC

LEADER 00000nam2a2200000 4500
001 300110
005 20231102001253.0
035 |a (RuTPU)RU\TPU\book\325263 
090 |a 300110 
100 |a 20150707d1982 km y0rusy50 ca 
101 0 |a rus 
102 |a RU 
105 |a a z 000zd 
200 0 |a Вып. 2 
210 |d 1982 
215 |a 288 с.  |c ил. 
461 1 |0 (RuTPU)RU\TPU\book\286216  |t Композиторы Российской Федерации  |o сборник статей  |o в 4 вып.  |f Союз композиторов РСФСР ; под ред. В. И. Козенина  |v Вып. 2  |d 1981 
600 1 |a Шнитке  |b А. Г.  |c российский композитор  |f 1934-1998  |g Альфред Гарриевич  |2 stltpush  |3 (RuTPU)RU\TPU\pers\11092  |9 2467 
600 1 |a Слонимский  |b С. М.  |c русский композитор  |f 1932-  |g Сергей Михайлович  |2 stltpush  |3 (RuTPU)RU\TPU\pers\11090  |9 2465 
606 1 |a Композиторы  |2 stltpush  |3 (RuTPU)RU\TPU\subj\15032  |9 41330 
610 1 |a музыка 
610 1 |a музыкознание 
610 1 |a музыкальная культура 
610 1 |a музыкальное творчество 
610 1 |a РСФСР 
610 1 |a 20 век 
675 |a 78.071.1  |v 4 
801 1 |a RU  |b 63413507  |c 20150707 
801 2 |a RU  |b 63413507  |c 20190412  |g RCR 
942 |c BK